000 00400nam a2200133Ia 4500
008 220217s9999||||xx |||||||||||||| ||und||
020 _a81-7853-105-4
082 _a005.13 SKI
100 _aSkibo, Craig, Young, Marc, Johnson, Brain
_95369
245 0 _aWorking with microsoft visual studio 2005
260 _aWP publishers
_bBangalore
_c2007
300 _b325
650 _aPROGRAMMING LANGUAGE
999 _c176290
_d176290